Comprender el pasado: una historia de la escritura y el pensamiento histórico
保存先:
| 主要な著者: | , , , |
|---|---|
| フォーマット: | 図書 |
| 言語: | スペイン語 |
| 出版事項: |
Madrid
Akal
2013
|
| 版: | 1a. ed |
| シリーズ: | Akal Textos, 37
|
| 主題: | |
| タグ: |
タグ追加
タグなし, このレコードへの初めてのタグを付けませんか!
|
MARC
| LEADER | 00000cam a2200000 a 4500 | ||
|---|---|---|---|
| 001 | UCE3797 | ||
| 003 | CL-VaPUC | ||
| 008 | 140925e20130000sp |||||||||||||||||spa|d | ||
| 020 | |a 9788446037279 | ||
| 082 | 0 | 4 | |a 907.2 |b AUR |2 21 |
| 100 | 0 | |a Aurell, Jaume |e author |9 576310 | |
| 700 | 0 | |a Balmaceda, Catalina |e author |9 576311 | |
| 700 | 0 | |a Burke, Peter |e author |9 576312 | |
| 700 | 0 | |a Soza, Felipe |e author |9 576313 | |
| 245 | 1 | 0 | |a Comprender el pasado: una historia de la escritura y el pensamiento histórico |
| 250 | |a 1a. ed | ||
| 300 | |a 493 p | ||
| 942 | |c BK | ||
| 945 | |d 20140925 17:45:00 |a arojas | ||
| 260 | |a Madrid |b Akal |c 2013 | ||
| 650 | 0 | |a Historiografía |9 257871 | |
| 650 | 0 | |a Filosofía de la historia |9 265651 | |
| 650 | 0 | |a Teoría de la historia |9 317951 | |
| 650 | 0 | |a Historia moderna |9 268036 | |
| 583 | |a last modification |c 20140925 17:45:00 |k Rodrigo Vera | ||
| 490 | 0 | |a Akal Textos, 37 | |
| 999 | |c 356947 |d 356945 | ||
| 952 | |0 0 |1 0 |3 erb |4 0 |6 907_200000000000000_AUR_2013 |7 0 |8 A |9 464738 |a BIBHIS |b BIBHIS |i 5115205 |l 3 |o 907.2 AUR 2013 |p 5115205 |r 2025-01-20 |s 2023-07-07 |w 2019-11-23 |y BK |z Catalogado en:20140925 |k HIS | ||